00000000nam 2200000zi 4500
0019.946442
003CaOODSP
00520250224093720
006m     o  d f      
007cr mn|||||||||
008241227e20250128onc     ob   f000 0 fre d
020 |a9780660750866 |q(vol. 1)
020 |a9780660750873 |q(vol. 2)
020 |a9780660750880 |q(vol. 3)
020 |a9780660750897 |q(vol. 4)
020 |a9780660750903 |q(vol. 5)
020 |a9780660750910 |q(vol. 6)
020 |a9780660750927 |q(vol. 7)
040 |aCaOODSP|bfre|erda|cCaOODSP
043 |an-cn---|aa-cc---|aa-ii---|ae-ru---
0861 |aCP32-169/2-2025F-PDF
0861 |aCP32-169/2-2025F-1-PDF
0861 |aCP32-169/2-2025F-2-PDF
0861 |aCP32-169/2-2025F-3-PDF
0861 |aCP32-169/2-2025F-4-PDF
0861 |aCP32-169/2-2025F-5-PDF
0861 |aCP32-169/2-2025F-6-PDF
0861 |aCP32-169/2-2025F-7-PDF
1101 |aCanada. |bCommission sur l'ingérence étrangère, |eauteur, |eorganisme de publication.
24510|aEnquête publique sur l'ingérence étrangère dans les processus électoraux et les institutions démocratiques fédéraux : |brapport final / |cl'honorable Marie-Josée Hogue, commissaire.
264 1|a[Ottawa] : |b[Commission sur l'ingérence étrangère], |c28 Janvier 2025.
264 4|c©2025
300 |a1 ressource en ligne (7 volumes)
336 |atexte|btxt|2rdacontent/fre
337 |ainformatique|bc|2rdamedia/fre
338 |aressource en ligne|bcr|2rdacarrier/fre
500 |aPublié aussi en anglais sous le titre : Public inquiry into foreign interference in federal electoral processes and democratic institutions: final report.
504 |aComprend des références bibliographiques.
5050 |avol. 1. Synthèse du rapport -- vol. 2. Contexte et mandat de la Commission - les élections générales de 2019 et de 2021 (faits et analyse) -- vol. 3. La capacité du gouvernement à détecter, prévenir et contrer l'ingérence étrangère (faits et analyse 1/2) -- vol. 4. La capacité du gouvernement à détecter, prévenir et contrer l'ingérence étrangère (faits et analyse 2/2) -- vol. 5. Recommandations pour mieux protéger les processus et les institutions démocratiques du Canada de l'ingérence étrangère -- vol. 6. La consultation publique menée par la Commission -- vol. 7. Le fonctionnement de la Commission et les annexes du rapport.
650 6|aIngérence étrangère dans les élections|zCanada.
650 6|aIngérence étrangère (Relations internationales)|zCanada.
650 6|aDésinformation|zCanada.
650 6|aAgents étrangers|zCanada.
650 6|aPrévarication|zCanada.
650 6|aEspionnage chinois|zCanada.
650 6|aEspionnage de l'Inde|zCanada.
650 6|aEspionnage russe|zCanada.
650 6|aService des renseignements|zCanada.
650 6|aSécurité électorale|zCanada.
650 6|aSécurité nationale|zCanada.
7001 |aHogue, Marie-Josée.
77508|tPublic inquiry into foreign interference in federal electoral processes and democratic institutions : |w(CaOODSP)9.946443
7760#|tEnquête publique sur l'ingérence étrangère dans les processus électoraux et les institutions démocratiques fédéraux : |w(CaOODSP)9.946445
85640|qPDF|s2.43 Mo|uhttps://publications.gc.ca/collections/collection_2025/bcp-pco/CP32-169-2-2025-fra-1.pdf|z(vol. 1)
85640|qPDF|s3.67 Mo|uhttps://publications.gc.ca/collections/collection_2025/bcp-pco/CP32-169-2-2025-fra-2.pdf|z(vol. 2)
85640|qPDF|s1.91 Mo|uhttps://publications.gc.ca/collections/collection_2025/bcp-pco/CP32-169-2-2025-fra-3.pdf|z(vol. 3)
85640|qPDF|s2.08 Mo|uhttps://publications.gc.ca/collections/collection_2025/bcp-pco/CP32-169-2-2025-fra-4.pdf|z(vol. 4)
85640|qPDF|s661 Ko|uhttps://publications.gc.ca/collections/collection_2025/bcp-pco/CP32-169-2-2025-fra-5.pdf|z(vol. 5)
85640|qPDF|s527 Ko|uhttps://publications.gc.ca/collections/collection_2025/bcp-pco/CP32-169-2-2025-fra-6.pdf|z(vol. 6)
85640|qPDF|s9.21 Mo|uhttps://publications.gc.ca/collections/collection_2025/bcp-pco/CP32-169-2-2025-fra-7.pdf|z(vol. 7)